| 000 | 01031nam a2200277 a 4500 | ||
|---|---|---|---|
| 090 | _c0 | ||
| 001 | 2072024 | ||
| 005 | 19990322135627.6 | ||
| 008 | 990318s1995 txua b 001 0 eng | ||
| 010 | _a94-71149 | ||
| 020 | _a003094922X | ||
| 040 |
_aDLC _cDLC |
||
| 050 | 0 | 0 |
_aHB139 _b.R337 1995 |
| 082 | 0 | 0 |
_a330.015195 _221 _bRAM |
| 100 | 1 |
_aRamanathan, Ramu, _d1936- |
|
| 245 | 1 | 0 |
_aIntroductory Econometrics : _cRamu Ramanathan. _bwith Applications / |
| 250 | _a3rd ed. | ||
| 260 |
_aFort Worth : _bDryden Press, _cc1995. |
||
| 300 |
_axv, 718, [65] p. : _bill. ; _c24 cm. |
||
| 440 | 4 | _aThe Dryden Press series in economics | |
| 504 | _aIncludes bibliographical references and indexes. | ||
| 650 | 0 | _aEconometrics. | |
| 942 |
_2ddc _cBB |
||
| 999 |
_c10458 _d10458 |
||